000 00324cam a22001217a 4500
008 180718b1971 xxu||||| |||| 00| 0 eng d
020 _a11 750348 7
082 _aX83x42 Un3 r
245 _aRefuse disposal
_cBy HMSO
260 _aLondon
_bHMSO
_c1971
300 _a198p.
650 _aRefuse and refuse disposal -- Great Britain
999 _c412866
_d412866